Con la cabeza a pájaros /
Cuando Julia y Trompo están con el abuelo, ocurren cosas increíbles: las sillas crecen; los ahogados viven felices en el fondo del mar, y para zambullirse en un cuadro basta con ponerse aletas y gafas de bucear. No hay nada como tener la cabeza a pájaros...
Guardado en:
| Autor Principal: | |
|---|---|
| Formato: | Libro |
| Idioma: | Undetermined |
| Publicado: |
Madrid :
SM,
1996.
|
| Series: | Barco de vapor ;
49 |
| Materias: | |
| Etiquetas: |
Agregar Etiqueta
Sin Etiquetas, Sea el primero en etiquetar este registro!
|
| LEADER | 01098nam a22002415a 4500 | ||
|---|---|---|---|
| 001 | CEM.cems019728 | ||
| 008 | 221012s1996####sp############000#0#und#d | ||
| 005 | 20221026111304.0 | ||
| 245 | 1 | 0 | |a Con la cabeza a pájaros / |c José Antonio del Cañizo. |
| 260 | |a Madrid : |b SM, |c 1996. | ||
| 300 | |a 107 ; |c 20 cm. | ||
| 490 | 1 | |a Barco de vapor ; |v 49 | |
| 520 | |a Cuando Julia y Trompo están con el abuelo, ocurren cosas increíbles: las sillas crecen; los ahogados viven felices en el fondo del mar, y para zambullirse en un cuadro basta con ponerse aletas y gafas de bucear. No hay nada como tener la cabeza a pájaros... | ||
| 020 | |a 8434823985 | ||
| 100 | 1 | |a Cañizo, José Antonio. | |
| 082 | 0 | 4 | |a 863.4 |
| 653 | |a Literatura Infantil | ||
| 653 | |a Literatura Juvenil | ||
| 653 | |a Novela | ||
| 859 | |a CEMS |b BIB. CEMS - Inicial y Primaria |h 863.4 |i C124 |k IP |p 1911 |t Ej.1 | ||
| 859 | |a CEMS |b BIB. CEMS - Inicial y Primaria |h 863.4 |i C124 |k IP |p 1913 |t Ej.2 | ||
| 859 | |a CEMS |b BIB. CEMS - Inicial y Primaria |h 863.4 |i C124 |k IP |p 1910 |t Ej.3 | ||
| 859 | |a CEMS |b BIB. CEMS - Inicial y Primaria |h 863.4 |i C124 |k IP |p 1912 |t Ej.4 | ||
